00829nas a2200241Ia 4500001001100000003000900011008004100020040001300061040001300074041001300087100004800100210001600148222001600164245008400180250001100264260005100275501008600326300001700412310001600429362004300445500006300488650003600551R006/95653IT-RoPAU151124c99999999xx |||||||||||| ||und|| aIT-RoPAU cIT-RoPAU aITALIANO aArgentieri SimonagCodice Aut. SPICS: 17648 aCINECRITICA aCinecritica aCINECRITICA, NUOVA SERIE, N.19/20 (OTTOBRE/MARZO 1991)bEros Non Abita Piu' Qui a1a ed. aROMAbS.N.C.C.I. SINDACATO NAZ. CRITICIc1991 bPaulus - SPICS - Società San Paolo EM (non-commercial uses only)cCopyright2015 a4 p. [69-72] aTRIMESTRALE aANNO 014, N.19/20 (OTTOBRE/MARZO 1991) aCrollo del Cinema Italiano Presso il Suo Pubblico Italiano aCINEMAvPUBBLICAZIONE PERIODICA